Literatura, cine y guerra civil / (Record no. 91892)

MARC details
000 -LEADER
campo de control de longitud fija 01162nam a2200289 i 4500
001 - NÚMERO DE CONTROL
campo de control 91892
003 - IDENTIFICADOR DE NÚMERO DE CONTROL
campo de control ES-MaACL
005 - FECHA Y HORA DE LA ÚLTIMA TRANSACCIÓN
campo de control 20230906180840.0
007 - CAMPO FIJO DE DESCRIPCIÓN FÍSICA--INFORMACIÓN GENERAL
campo de control de longitud fija t|
008 - DATOS DE LONGITUD FIJA--INFORMACIÓN GENERAL
campo de control de longitud fija 050225s2004 sp a |||| | spa d
020 ## - NÚMERO INTERNACIONAL ESTÁNDAR DEL LIBRO
Número Internacional Estándar del Libro 84-8127-149-7
080 ## - NÚMERO DE LA CLASIFICACIÓN DECIMAL UNIVERSAL
Número de la Clasificación Decimal Universal 94(460.222 H.)"1931/39"
080 ## - NÚMERO DE LA CLASIFICACIÓN DECIMAL UNIVERSAL
Número de la Clasificación Decimal Universal 019.941:94(460.22)"1936/39"
245 00 - MENCIÓN DEL TÍTULO
Título Literatura, cine y guerra civil /
Mención de responsabilidad, etc. [Michel del Castillo ... et al.].
250 ## - MENCION DE EDICION
Mención de edición 1ª ed.
260 ## - PUBLICACIÓN, DISTRIBUCIÓN, ETC.
Lugar de publicación, distribución, etc. Huesca :
Nombre del editor, distribuidor, etc. Instituto de Estudios Altoaragoneses,
Fecha de publicación, distribución, etc. 2004.
300 ## - DESCRIPCIÓN FÍSICA
Extensión 190 p. :
Otras características físicas il. ;
Dimensiones 20 cm.
594 ## - Nota al título y mención de responsabilidad
Nota al título y mención de responsabilidad Intervenciones de las sesiones homónimas celebradas entre el 11 y el 14 de noviembre de 2003 en el Centro de Estudios Senderianos.
650 #4 - PUNTO DE ACCESO ADICIONAL DE MATERIA--TÉRMINO DE MATERIA
Término de materia o nombre geográfico como elemento de entrada Literatura española-
Subdivisión cronológica S.XX-
Subdivisión general Historia y crítica.
9 (RLIN) 141686
651 #4 - PUNTO DE ACCESO ADICIONAL DE MATERIA--NOMBRE GEOGRÁFICO
Nombre geográfico España-
Subdivisión general Historia-
Subdivisión cronológica 1936-1939, Guerra civil-
Subdivisión de forma Obras literarias.
9 (RLIN) 8311
651 ## - PUNTO DE ACCESO ADICIONAL DE MATERIA--NOMBRE GEOGRÁFICO
Nombre geográfico España-
Subdivisión general Historia-
Subdivisión cronológica 1936-1939, Guerra civil-
Subdivisión general Cine y guerra.
9 (RLIN) 8301
651 #4 - PUNTO DE ACCESO ADICIONAL DE MATERIA--NOMBRE GEOGRÁFICO
Nombre geográfico Aragón-
Subdivisión general Historia-
Subdivisión cronológica 1936-1939.
9 (RLIN) 7790
700 1# - ENTRADA AGREGADA--NOMBRE PERSONAL
Nombre de persona Castillo, Michel del,
Fechas asociadas al nombre 1933-
9 (RLIN) 36708
710 2# - ENTRADA AGREGADA--NOMBRE DE ENTIDAD CORPORATIVA
Nombre de entidad corporativa o nombre de jurisdicción como elemento de entrada Instituto de Estudios Altoaragoneses.
9 (RLIN) 4888
852 ## - LOCALIZACIÓN
Ubicación ES-MaACL
Número de control de estantería L-28920
Holdings
Estatus retirado Estado de pérdida Estado de daño No para préstamo Biblioteca de origen Biblioteca actual Ubicación en estantería Fecha de adquisición Fuente de adquisición Total de préstamos Signatura topográfica completa Código de barras Visto por última vez Precio de reemplazo Tipo de ítem Koha
        Biblioteca del Ateneo de Madrid Biblioteca del Ateneo de Madrid Depósito 2 17/01/2008     L-28920 1095943 23/02/2023 23/02/2023 Libro impreso